000 00709nam a2200289Ia 4500
005 20260324133429.0
008 008 260324s9999 xx 000 0 eng d
020 _a9780203380772
037 _aEBOOK
040 _aCRL
040 _beng
040 _cCRL
041 _2eng
041 _aeng
084 _qCRL
100 _aKeri Facer; John Furlong; Ruth Furlong; Rosamund Sutherland
_91193070
245 0 _aScreenplay
245 0 _bChildren and Computing in the Home
260 _bTaylor and Francis
260 _c2003
365 _a
365 _b150
856 _uhttp://www.taylorfrancis.com/books/9780203380772
942 _cEBOOK
999 _c1792084
_d1792084